[Event "Valasska Bystrice op"]
[Site "Valasska Bystrice"]
[Date "2016.09.12"]
[Round "4"]
[White "Doskar, Miloslav"]
[Black "Valenta, Josef"]
[Result "1-0"]
[WhiteElo "1661"]
[BlackElo "1570"]
[PlyCount "65"]
[EventDate "2016.09.10"]
[EventType "swiss"]
[EventRounds "9"]
[EventCountry "CZE"]
[SourceTitle "CBM 174 Extra"]
[Source "ChessBase"]
[SourceDate "2016.10.10"]
[SourceVersion "1"]
[SourceVersionDate "2016.10.10"]
[SourceQuality "1"]

1. Nf3 g6 2. d4 Nf6 3. c4 Bg7 4. Nc3 0-0 5. e4 d6 6. Bd3 Bg4 7. h3 Bxf3 8. Qxf3 Nc6 9. Be3 a6 10. Rd1 Qc8 11. 0-0 e5 12. d5 Nd8 13. b4 b6 14. c5 bxc5 15. bxc5 Re8 16. c6 h5 17. Rb1 Nh7 18. Rb3 f6 19. Ra3 Nf7 20. h4 Qg4 21. Qxg4 hxg4 22. Rxa6 Rxa6 23. Bxa6 g5 24. hxg5 Nhxg5 25. Be2 Nh6 26. a4 Ra8 27. Ra1 Kf7 28. Bxg5 fxg5 29. Nb5 Ke7 30. Nxc7 Ra5 31. Ne6 Bf6 32. Bb5 Nf7 33. c7 1-0

[Event "Valasska Bystrice op"]
[Site "Valasska Bystrice"]
[Date "2015.09.17"]
[Round "7"]
[White "Doskar, Miloslav"]
[Black "Perik, Alois"]
[Result "1-0"]
[WhiteElo "1680"]
[BlackElo "1814"]
[PlyCount "69"]
[EventDate "2015.09.12"]
[EventType "swiss"]
[EventRounds "9"]
[EventCountry "CZE"]
[SourceTitle "EXT 2016"]
[Source "ChessBase"]
[SourceDate "2015.10.08"]
[SourceVersion "1"]
[SourceVersionDate "2015.10.08"]
[SourceQuality "1"]

1. Nf3 d5 2. g3 Nf6 3. Bg2 c6 4. d4 Bf5 5. 0-0 e6 6. Nbd2 Bd6 7. c3 Nbd7 8. Re1 Qc7 9. b3 Ne4 10. Nxe4 Bxe4 11. Nd2 Bxg2 12. Kxg2 Nf6 13. e4 dxe4 14. Nxe4 Nxe4 15. Rxe4 0-0-0 16. Qf3 Rde8 17. Bb2 h5 18. c4 f5 19. Re2 h4 20. c5 Bf8 21. Rae1 hxg3 22. fxg3 Qf7 23. a4 g5 24. h3 Bg7 25. b4 Bf6 26. g4 f4 27. b5 cxb5 28. axb5 Re7 29. b6 a6 30. c6 Rhe8 31. Ba3 Bxd4 32. Bxe7 Rxe7 33. cxb7+ Kb8 34. Qc6 Rxb7 35. Qd6+ 1-0

[Event "Brno op 5th"]
[Site "Brno"]
[Date "2014.11.16"]
[Round "2"]
[White "Kratochvil, Josef"]
[Black "Doskar, Miloslav"]
[Result "1/2-1/2"]
[WhiteElo "2236"]
[BlackElo "1725"]
[PlyCount "94"]
[EventDate "2014.11.15"]
[EventType "swiss"]
[EventRounds "9"]
[EventCountry "CZE"]
[SourceTitle "CBM 163 Extra"]
[Source "ChessBase"]
[SourceDate "2014.12.23"]
[SourceVersion "1"]
[SourceVersionDate "2014.12.23"]
[SourceQuality "1"]

1. d4 d5 2. c4 c6 3. Nf3 Nf6 4. Nc3 e6 5. e3 Nbd7 6. Qc2 Be7 7. g4 0-0 8. g5 Nh5 9. h4 dxc4 10. Bxc4 b5 11. Be2 g6 12. Ne5 Nxe5 13. Bxh5 Nd7 14. Bf3 Qb6 15. Bd2 Bb7 16. 0-0-0 Rac8 17. h5 c5 18. Bxb7 Qxb7 19. hxg6 fxg6 20. Qb3 Qb6 21. d5 Ne5 22. dxe6 Nd3+ 23. Kb1 c4 24. Qxb5 Qxb5 25. Nxb5 Nxf2 26. Bc3 Nxh1 27. Rxh1 a6 28. Nd4 Bxg5 29. Rh3 Bf6 30. Kc2 Bxd4 31. exd4 Rf2+ 32. Kd1 Re8 33. Re3 Rf5 34. Bb4 h5 35. Kc2 g5 36. Kc3 h4 37. Kxc4 h3 38. Rxh3 Rxe6 39. Bc5 Kf7 40. b4 Re1 41. a4 Rc1+ 42. Kb3 g4 43. Rh2 Rf3+ 44. Kb2 Rcc3 45. d5 Rb3+ 46. Kc2 Rbc3+ 47. Kb2 Rb3+ 1/2-1/2

[Event "Trebic Highlands op 10th"]
[Site "Trebic"]
[Date "2014.05.24"]
[Round "9"]
[White "Doskar, Miloslav"]
[Black "Ruzicka, Josef"]
[Result "0-1"]
[WhiteElo "1703"]
[BlackElo "1999"]
[PlyCount "50"]
[EventDate "2014.05.17"]
[EventType "swiss"]
[EventRounds "9"]
[EventCountry "CZE"]
[SourceTitle "CBM 160 Extra"]
[Source "ChessBase"]
[SourceDate "2014.07.01"]
[SourceVersion "1"]
[SourceVersionDate "2014.07.01"]
[SourceQuality "1"]

1. d4 d5 2. c4 e6 3. Nf3 Nf6 4. e3 Be7 5. Nc3 0-0 6. Bd3 b6 7. 0-0 Bb7 8. b3 Ne4 9. Bb2 f5 10. Rc1 Nd7 11. Ne2 c6 12. Nf4 Rf6 13. Be2 Rh6 14. g3 g5 15. Ng2 Rh3 16. Nd2 Qf8 17. Nxe4 dxe4 18. Bg4 fxg4 19. Qxg4 Qf5 20. Qe2 Qf3 21. Qxf3 exf3 22. Nh4 gxh4 23. e4 Nf6 24. Rfe1 Ng4 25. Rc3 Rf8 0-1

[Event "Trebic Highlands op 10th"]
[Site "Trebic"]
[Date "2014.05.18"]
[Round "3"]
[White "Skorepa, Jakub"]
[Black "Doskar, Miloslav"]
[Result "0-1"]
[WhiteElo "1838"]
[BlackElo "1703"]
[PlyCount "82"]
[EventDate "2014.05.17"]
[EventType "swiss"]
[EventRounds "9"]
[EventCountry "CZE"]
[SourceTitle "CBM 160 Extra"]
[Source "ChessBase"]
[SourceDate "2014.07.01"]
[SourceVersion "1"]
[SourceVersionDate "2014.07.01"]
[SourceQuality "1"]

1. e4 e5 2. Nf3 Nc6 3. Bc4 Bc5 4. c3 Nf6 5. d4 exd4 6. e5 d5 7. Bb5 Ne4 8. cxd4 Bb4+ 9. Bd2 Nxd2 10. Nbxd2 Bd7 11. 0-0 0-0 12. Bxc6 Bxc6 13. Qc2 Be7 14. Rfe1 Qd7 15. Rac1 Rfc8 16. Re3 a5 17. e6 fxe6 18. Ne5 Qe8 19. Nxc6 bxc6 20. Rxe6 Qf7 21. Rxc6 Rf8 22. Nf3 Bd6 23. Ne5 Qf4 24. Nf3 g5 25. h3 g4 26. hxg4 Qxg4 27. Qb3 Rf5 28. Qe3 Raf8 29. Qe6+ Kh8 30. Ne5 Qxd4 31. Nf3 Rxf3 32. gxf3 Rg8+ 33. Qxg8+ Kxg8 34. R6c2 Qd3 35. Rc3 Qg6+ 36. Kf1 c5 37. Rd1 d4 38. Rcd3 Be5 39. b3 h5 40. Ke2 h4 41. Rh1 Bf6 0-1

[Event "Ostrava Seniors op"]
[Site "Ostrava"]
[Date "2014.04.27"]
[Round "2"]
[White "Doskar, Miloslav"]
[Black "Biza, Miroslav"]
[Result "1/2-1/2"]
[WhiteElo "1703"]
[BlackElo "1928"]
[PlyCount "101"]
[EventDate "2014.04.26"]
[EventType "swiss"]
[EventRounds "9"]
[EventCountry "CZE"]
[SourceTitle "CBM 160 Extra"]
[Source "ChessBase"]
[SourceDate "2014.07.01"]
[SourceVersion "1"]
[SourceVersionDate "2014.07.01"]
[SourceQuality "1"]

1. d4 Nf6 2. c4 e5 3. dxe5 Ng4 4. Nf3 Nc6 5. Bf4 Bb4+ 6. Nbd2 Qe7 7. a3 Ncxe5 8. Nxe5 Nxe5 9. Bxe5 Bxd2+ 10. Qxd2 Qxe5 11. e3 d6 12. Be2 Be6 13. 0-0 0-0 14. Rac1 Rad8 15. Rfd1 Rd7 16. Qd4 Qxd4 17. Rxd4 b6 18. Bf3 Re7 19. g3 g6 20. Kg2 Kg7 21. b4 Rb8 22. h4 f6 23. h5 g5 24. Rh1 f5 25. Bc6 a5 26. b5 h6 27. f3 Bd7 28. Bxd7 Rxd7 29. Kf2 Re7 30. Rhd1 Rbe8 31. R1d3 Re5 32. Rd5 Kf6 33. g4 fxg4 34. fxg4 Rxd5 35. Rxd5 Re4 36. Rd4 Ke5 37. Rd5+ Ke6 38. Rd4 Ke5 39. Rd5+ Kf6 40. Rd4 Re5 41. Kf3 Rc5 42. e4 Ke7 43. Ke3 c6 44. bxc6 Rxc6 45. Kd3 Rc8 46. Rd5 Ke6 47. Kd4 Rc5 48. a4 Rc7 49. Rb5 Rb7 50. Rf5 Rb8 51. Rb5 1/2-1/2

[Event "Brno op 4th"]
[Site "Brno"]
[Date "2013.11.23"]
[Round "9"]
[White "Kan, Vojtech"]
[Black "Doskar, Miloslav"]
[Result "1-0"]
[WhiteElo "1664"]
[BlackElo "1743"]
[PlyCount "67"]
[EventDate "2013.11.16"]
[EventType "swiss"]
[EventRounds "9"]
[EventCountry "CZE"]
[SourceTitle "CBM 157 Extra"]
[Source "ChessBase"]
[SourceDate "2013.12.19"]
[SourceVersion "1"]
[SourceVersionDate "2013.12.19"]
[SourceQuality "1"]

1. e4 e5 2. Nf3 Nc6 3. d4 exd4 4. Bc4 Bb4+ 5. c3 dxc3 6. bxc3 Be7 7. Qd5 Nh6 8. Bxh6 0-0 9. Bf4 d6 10. Nbd2 Be6 11. Qd3 Bf6 12. 0-0 Qe7 13. Bxe6 fxe6 14. Qe3 h6 15. e5 dxe5 16. Nxe5 Nxe5 17. Bxe5 Bg5 18. f4 Bf6 19. Bxf6 Rxf6 20. g3 b6 21. Ne4 Rf5 22. Rad1 Rd5 23. Qf3 Rad8 24. Rxd5 exd5 25. Nf2 Qa3 26. f5 Qxa2 27. f6 Rf8 28. Ng4 Qc4 29. f7+ Kh8 30. Ne5 Qc5+ 31. Kg2 Qd6 32. Qf5 g5 33. Ng6+ Kg7 34. Nxf8 1-0

[Event "Brno op 4th"]
[Site "Brno"]
[Date "2013.11.20"]
[Round "6"]
[White "Oglaza, Oskar"]
[Black "Doskar, Miloslav"]
[Result "1-0"]
[WhiteElo "1572"]
[BlackElo "1743"]
[PlyCount "91"]
[EventDate "2013.11.16"]
[EventType "swiss"]
[EventRounds "9"]
[EventCountry "CZE"]
[SourceTitle "CBM 157 Extra"]
[Source "ChessBase"]
[SourceDate "2013.12.19"]
[SourceVersion "1"]
[SourceVersionDate "2013.12.19"]
[SourceQuality "1"]

1. e4 e5 2. Nf3 Nc6 3. Bc4 Bc5 4. c3 Nf6 5. d4 exd4 6. e5 Qe7 7. cxd4 Bb4+ 8. Nc3 Ne4 9. Qc2 Nxc3 10. bxc3 Ba5 11. 0-0 h6 12. Bf4 0-0 13. d5 Nd8 14. Nd4 Qc5 15. Qd3 Bb6 16. Nb3 Qe7 17. Rfe1 Qh4 18. Bg3 Qg5 19. Nd2 c6 20. Ne4 Qh5 21. Nd6 Bc5 22. Re4 Bxd6 23. exd6 b5 24. Bb3 Nb7 25. Re5 Nc5 26. Qe3 Qg6 27. Qxc5 Bb7 28. Rae1 a5 29. a4 Rac8 30. Qb6 Ba8 31. Qxa5 bxa4 32. Bxa4 Rb8 33. dxc6 Qxd6 34. R5e3 Qg6 35. Bxb8 Rxb8 36. h3 Bxc6 37. Bxc6 dxc6 38. Re8+ Rxe8 39. Rxe8+ Kh7 40. Qd8 Qb1+ 41. Kh2 Qf5 42. Rh8+ Kg6 43. Qd6+ f6 44. Qg3+ Kf7 45. Rb8 g5 46. Qc7+ 1-0

[Event "Brno op 4th"]
[Site "Brno"]
[Date "2013.11.17"]
[Round "2"]
[White "Richterova, Julie"]
[Black "Doskar, Miloslav"]
[Result "0-1"]
[WhiteElo "1439"]
[BlackElo "1743"]
[PlyCount "58"]
[EventDate "2013.11.16"]
[EventType "swiss"]
[EventRounds "9"]
[EventCountry "CZE"]
[SourceTitle "CBM 157 Extra"]
[Source "ChessBase"]
[SourceDate "2013.12.19"]
[SourceVersion "1"]
[SourceVersionDate "2013.12.19"]
[SourceQuality "1"]

1. e4 e5 2. Nf3 Nc6 3. Bc4 Bc5 4. c3 Nf6 5. d4 exd4 6. cxd4 Bb4+ 7. Bd2 Bxd2+ 8. Nbxd2 0-0 9. d5 Ne7 10. Qb3 d6 11. 0-0 Nd7 12. Qc3 Ng6 13. Rac1 Nb6 14. Bb3 Nf4 15. Qxc7 Ne2+ 16. Kh1 Nxc1 17. Qxc1 Bd7 18. Nd4 Rc8 19. Qd1 Qf6 20. N2f3 Bg4 21. Qd2 Rfe8 22. Re1 Bxf3 23. Nxf3 Nc4 24. Bxc4 Rxc4 25. Qd3 Rec8 26. Qb3 b6 27. Re2 Rc1+ 28. Re1 Rxe1+ 29. Nxe1 Qxf2 0-1